000 00431nam a2200193Ia 4500
005 20240823012449.0
008 240823s9999||||xx |||||||||||||| ||und||
020 _a0-14-062132-6
041 _aENGLISH
082 _A823 N7
100 _a"Hughes,Thomas"
245 0 _aTom Browns Schooldays
250 _a1st
260 _c1997
_b"Penguin,En"
500 _aYES
650 _aStory
_bEnglish
942 _cBK
999 _c164473
_d164473